Deutsche Tischtennis Meister - Statistiken

Allgemein
  • Dieses Quiz wurde 112 mal gespielt
    38 seit der letzten Aktualisierung
  • Das Durchschnittsergebnis liegt bei 30 aus 93
Antwortstatistiken
Jahr Spieler % Korrekt
1998 Timo Boll
100%
2001 Timo Boll
100%
2002 Timo Boll
100%
2003 Timo Boll
100%
2004 Timo Boll
100%
2005 Timo Boll
100%
2006 Timo Boll
100%
2007 Timo Boll
100%
2009 Timo Boll
100%
2015 Timo Boll
100%
2017 Timo Boll
100%
2018 Timo Boll
100%
2019 Timo Boll
100%
2014 Dimitrij Ovtcharov
82%
2021 Benedikt Duda
67%
2024 Benedikt Duda
67%
2022 Dang Qiu
64%
2023 Dang Qiu
64%
1988 Jörg Roßkopf
61%
1989 Jörg Roßkopf
61%
1990 Jörg Roßkopf
61%
1991 Jörg Roßkopf
61%
1992 Jörg Roßkopf
61%
1993 Jörg Roßkopf
61%
1996 Jörg Roßkopf
61%
1997 Jörg Roßkopf
61%
2025 Kay Stumper
45%
2011 Bastian Steger
39%
2012 Bastian Steger
39%
2016 Patrick Baum
36%
2010 Christian Süß
30%
2020 Ricardo Walther
30%
1962 Eberhard Schöler
24%
1963 Eberhard Schöler
24%
1964 Eberhard Schöler
24%
1965 Eberhard Schöler
24%
1966 Eberhard Schöler
24%
1967 Eberhard Schöler
24%
1968 Eberhard Schöler
24%
1969 Eberhard Schöler
24%
1971 Eberhard Schöler
24%
2013 Steffen Mengel
21%
1999 Torben Wosik
18%
2008 Torben Wosik
18%
2000 Zoltan Fejer-Konnerth
15%
1970 Wilfried Lieck
12%
1972 Wilfried Lieck
12%
1973 Wilfried Lieck
12%
1975 Wilfried Lieck
12%
1976 Wilfried Lieck
12%
1953 Conny Freundorfer
9%
1954 Conny Freundorfer
9%
1955 Conny Freundorfer
9%
1956 Conny Freundorfer
9%
1957 Conny Freundorfer
9%
1958 Conny Freundorfer
9%
1959 Conny Freundorfer
9%
1960 Conny Freundorfer
9%
1961 Conny Freundorfer
9%
1978 Engelbert Hüging
9%
1982 Georg Böhm
9%
1983 Georg Böhm
9%
1985 Georg Böhm
9%
1986 Georg Böhm
9%
1987 Georg Böhm
9%
1995 Georg Böhm
9%
1952 Heinz Schneider
9%
1994 Vladislav Broda
9%
1936 Dieter Mauritz
6%
1937 Dieter Mauritz
6%
1947 Dieter Mauritz
6%
1949 Dieter Mauritz
6%
1934 Erich Deisler
6%
1935 Georg Kutz
6%
1944 Heinz Benthien
6%
1941 Heinz Raack
6%
1948 Heinz Raack
6%
1950 Heinz Raack
6%
1942 Herbert Wunsch
6%
1943 Herbert Wunsch
6%
1974 Jochen Leiß
6%
1938 Karl Sediwy
6%
1931 Nikita Madjaroglou
6%
1932 Nikita Madjaroglou
6%
1939 Otto Eckl
6%
1933 Paul Benthien
6%
1984 Peter Engel
6%
1977 Peter Stellwag
6%
1979 Peter Stellwag
6%
1980 Peter Stellwag
6%
1981 Peter Stellwag
6%
1940 Rudolf Diwald
6%
1951 Walter Than
6%
Keine übereinstimmenden Quizze gefunden
Verteilung der Resultate
Anzahl Personen mit jedem Resultat
Perzentil nach korrekt beantworteten Fragen
Ihre Resultats-Entwicklung
Sie haben dieses Quiz seit der letzten Aktualisierung nicht gespielt